| 000 | 005360000a22001930004500 | ||
|---|---|---|---|
| 001 | 1987 | ||
| 003 | CO-MdFUSB | ||
| 005 | 20170607113956.0 | ||
| 008 | 170607b xxu||||| |||| 00| 0 eng d | ||
| 020 | _a978-9974-8054-6-0 | ||
| 040 | _cCO-MdBIC | ||
| 082 | 0 | 4 | _a863C M472l |
| 100 | 1 | _aMeesukhon, Patcharee | |
| 245 | 1 | 0 | _aLibro con sombras !que asustan! / Patcharee Meesukhon |
| 260 | _aMontevideo - Rep. O. Uruguay : Latinbooks | ||
| 300 | _a23 P. | ||
| 650 | 1 | 4 | _aLiteratura Infanil \ Cuentos de terror para niƱos |
| 942 | _cLGB | ||
| 999 |
_c49137 _d49137 |
||